000
00273nam a2200121Ia 4500
005
20251222142027.0
008
251222s9999||||xx |||||||||||||| ||spa||
082
_a
759.46/K79
100
_a
Kramer, Janos Peter
245
0
_a
El Greco
264
_b
Del Phaidon
942
_c
LIB
999
_c
10834
_d
10834